| 000 | 00610nam a22002057a 4500 | ||
|---|---|---|---|
| 003 | OSt | ||
| 005 | 20140310181734.0 | ||
| 008 | 130319t xxu||||| |||| 00| 0 eng d | ||
| 020 | _a0871401185 | ||
| 050 |
_aBF 173 _b.F889 1966 |
||
| 082 |
_aTR 150.19 _bF87 1965 |
||
| 245 |
_aIntroductory lectures on psychoanalysis/ _cSigmund Freud ; translated and edited by James Strachey |
||
| 260 |
_aNew York : _bW.W. Norton & Company, _c1966. |
||
| 300 |
_a500 p. : _c18 cm. |
||
| 520 | _a1. psychoanalysis 2. Strachey,James | ||
| 521 | _aFaculty | ||
| 541 | _j1 | ||
| 562 | _e1 | ||
| 942 |
_2lcc _cBK-TR _kTR |
||
| 999 |
_c2521 _d2521 |
||